| 000 | 00809nam a2200265 a 4500 | ||
|---|---|---|---|
| 001 | 000044251 | ||
| 003 | DO-SdBNP | ||
| 005 | 20240316073902.0 | ||
| 007 | ta | ||
| 008 | 140611s2010 dr a r 000 0 spa d | ||
| 040 |
_aDO-SdBNP _bspa _cBNPHU |
||
| 082 |
_aRD861.44 _bH557r _222 |
||
| 100 |
_aHernández Rueda, Lupo, _d1930-2017 _923790 |
||
| 245 | 1 | 0 |
_aRomancero del sueño / _cLupo Hernández Rueda ; edición Tomás Castro Burdiez. |
| 260 |
_aSanto Domingo : _bEducarte, _c2010. |
||
| 300 |
_a85 p. : _bil. ; _c21 cm. |
||
| 490 | 1 |
_aCuadernos ecológicos _v1 |
|
| 590 | _aInventariado, 2018/BT | ||
| 650 | 4 | _aPoesía dominicana | |
| 650 | 4 | _aLiteratura dominicana | |
| 700 | 2 |
_aCastro, Tomás, _d1959- _eed. _924641 |
|
| 830 | 0 |
_aCuadernos ecológicos ; _n1 _972257 |
|
| 910 | _aDG | ||
| 942 |
_2ddc _cLBS1 |
||
| 999 |
_c43740 _d43740 |
||